Online
Catalog
Normal view MARC view

Entry Término temático

Number of records used in: 1

001 - NÚMERO DE CONTROL

  • campo de control: 74582

003 - IDENTIFICADOR DEL NÚMERO DE CONTROL

  • campo de control: BNPHU

005 - FECHA Y HORA DE LA ÚLTIMA TRANSACCIÓN

  • campo de control: 20250911101057.0

008 - DATOS DE LONGITUD FIJA

  • campo de control de longitud fija: 200615|| aca||aabn | a|a d

010 ## - NÚMERO DE CONTROL DE LA BIBLIOTECA DEL CONGRESO

  • Número de control de LC: sh 99005484

040 ## - FUENTE DE LA CATALOGACIÓN

  • Centro catalogador/agencia de origen: BNPHU
  • Lengua de catalogación: spa
  • Centro/agencia transcriptor: BNPHU
  • Normas de descripción: rda

180 ## - ENCABEZAMIENTO--SUBDIVISIÓN GENERAL

  • Subdivisión general: Aspectos económicos

480 0# - TRAZADO DE VÉASE--SUBDIVISIÓN GENERAL

  • Subdivisión general: Economic aspects

580 ## - TRAZADO DE VÉASE ADEMÁS--SUBDIVISIÓN GENERAL

  • Subdivisión general: Defensas
  • Subdivisión general: Aspectos económicos
  • Subcampo de control: h

580 ## - TRAZADO DE VÉASE ADEMÁS--SUBDIVISIÓN GENERAL

  • Subdivisión general: Emigración e inmigración
  • Subdivisión general: Aspectos económicos
  • Subcampo de control: h

580 ## - TRAZADO DE VÉASE ADEMÁS--SUBDIVISIÓN GENERAL

  • Subdivisión general: Relaciones étnicas
  • Subdivisión general: Aspectos económicos
  • Subcampo de control: h

580 ## - TRAZADO DE VÉASE ADEMÁS--SUBDIVISIÓN GENERAL

  • Subdivisión general: Población
  • Subdivisión general: Aspectos económicos

580 ## - TRAZADO DE VÉASE ADEMÁS--SUBDIVISIÓN GENERAL

  • Subdivisión general: Relaciones raciales
  • Subdivisión general: Aspectos económicos
  • Subcampo de control: h

580 ## - TRAZADO DE VÉASE ADEMÁS--SUBDIVISIÓN GENERAL

  • Subdivisión general: Religión
  • Subdivisión general: Aspectos económicos
  • Subcampo de control: h

670 ## - FUENTE DE DATOS ENCONTRADOS

  • Cita de la fuente: Work cat.: (OSt)46090: Stiglitz, Joseph E. 1943- 74581, Cómo hacer que funcione la globalización /, 2006.

670 ## - FUENTE DE DATOS ENCONTRADOS

  • Identificador Uniforme del Recurso: https://librunam.dgb.unam.mx:8443/F/VBX7G35JPRUMPDCLK29THNV5XRRU5P9FUB7FEM2NVII9KMTQS4-00266?func=full-set-set&set_number=001198&set_entry=000001&format=001 Consultado en 11/09/2025

680 ## - NOTA GENERAL PÚBLICA

  • Texto explicativo: Úsese como subdivisión temática bajo temas

681 ## - NOTA DE EJEMPLO DE TRAZADO DE MATERIA

  • Texto explicativo: Referencia bajo el encabezamiento
  • Encabezamiento de materia o término de subdivisión: Economía

750 ## - ENTRADA DE ENLACE DE ENCABEZAMIENTO ESTABLECIDO--TÉRMINO DE MATERIA

  • Subdivisión general: Economic aspects
  • Número de control del registro de autoridad o número normalizado: sh 99005484

Powered by Koha